LDR 00714naa#a2200181#i#450# 001 EN\\bibl\123254 005 20260604235540.4 011 ## _a2782-5957 100 ## _a20260529b2026####ek#y0engy0150####ca 102 ## _aRU 200 1# _aSTUDY OF DYNAMIC QUALITIES INDICATORS OF A PROMISING SPRING SET UNDER RANDOM VIBRATIONS OF THE SIMPLIFIED SINGLE-MASS MODEL OF AN ELECTRIC LOCOMOTIVE _eJournal article 210 1# _aBryansk _cBryansk State Technical University _d2026 215 ## _a9 с. 608 ## _aJournal article _2local 675 ## _aРессорное подвешивание. 629.4.027.3 _z 686 ## _aЖелезнодорожный транспорт. 392 _2bbk 700 #1 _aLavlinskaya _gNatalia Sergeevna 856 4# _anaukaru.ru _u